Ecosystem services from agriculture and agroforestry: (Record no. 217366)
[ view plain ]
| 000 -CABECERA | |
|---|---|
| campo de control de longitud fija | 00744 a2200193 4500 |
| 003 - IDENTIFICADOR DEL NÚMERO DE CONTROL | |
| campo de control | OSt |
| 005 - FECHA Y HORA DE LA ÚLTIMA TRANSACCIÓN | |
| campo de control | 20230323101100.0 |
| 008 - DATOS DE LONGITUD FIJA--INFORMACIÓN GENERAL | |
| campo de control de longitud fija | 220727b2011 uk adb|f |||| 001 0 eng d |
| 020 ## - NÚMERO INTERNACIONAL ESTÁNDAR DEL LIBRO | |
| Número Internacional Estándar del Libro | 9781849711470 |
| 040 ## - FUENTE DE LA CATALOGACIÓN | |
| Centro/agencia transcriptor | CHAP |
| 245 00 - MENCIÓN DE TÍTULO | |
| Título | Ecosystem services from agriculture and agroforestry: |
| Resto del título | measurement and payment / |
| Mención de responsabilidad, etc. | editado por Bruno Rapidel, Fabrice DeClerck... [y otros]. |
| 264 ## - PRODUCCIÓN, PUBLICACIÓN, DISTRIBUCIÓN, FABRICACIÓN Y COPYRIGHT | |
| Producción, publicación, distribución, fabricación y copyright | Reino Unido: |
| Nombre del de productor, editor, distribuidor, fabricante | Routledge, |
| Fecha de producción, publicación, distribución, fabricación o copyright | 2011. |
| 300 ## - DESCRIPCIÓN FÍSICA | |
| Extensión | 413 páginas |
| Otras características físicas | ilustraciones, cuadros, gráficas, mapas |
| 504 ## - NOTA DE BIBLIOGRAFÍA, ETC. | |
| Nota de bibliografía, etc. | Incluye índice y bibliografía |
| 650 #2 - PUNTO DE ACCESO ADICIONAL DE MATERIA--TÉRMINO DE MATERIA | |
| 9 (RLIN) | 134746 |
| Término de materia o nombre geográfico como elemento de entrada | Agricultura sustentable |
| Subdivisión general | Proyectos de desarrollo |
| 650 #0 - PUNTO DE ACCESO ADICIONAL DE MATERIA--TÉRMINO DE MATERIA | |
| 9 (RLIN) | 186512 |
| Término de materia o nombre geográfico como elemento de entrada | Agricultura sustentable |
| Subdivisión general | Innovaciones tecnológicas |
| 700 ## - PUNTO DE ACCESO ADICIONAL--NOMBRE DE PERSONA | |
| 9 (RLIN) | 186511 |
| Nombre de persona | Rapidel, Bruno |
| 942 ## - ELEMENTOS DE PUNTO DE ACCESO ADICIONAL (KOHA) | |
| Fuente del sistema de clasificación o colocación | Dewey Decimal Classification |
| Tipo de ítem Koha | Libro |
| Estado de retiro | Estado de pérdida | Fuente del sistema de clasificación o colocación | Estado dañado | Restricciones de uso | No para préstamo | Código de colección | Localización permanente | Ubicación/localización actual | Ubicación en estantería | Fecha de adquisición | Total de préstamos | Signatura topográfica completa | Código de barras | Fecha visto por última vez | Precio válido a partir de | Tipo de ítem Koha | Número de copia |
|---|---|---|---|---|---|---|---|---|---|---|---|---|---|---|---|---|---|
| Dewey Decimal Classification | Préstamo 15 días | General | Biblioteca Central | Biblioteca Central | Planta principal - Colección General | 20/03/2023 | 630.2086 E19 | 33724002566181 | 20/03/2023 | 20/03/2023 | Libro | ||||||
| Dewey Decimal Classification | Préstamo 15 días | General | Biblioteca Central | Biblioteca Central | Planta principal - Colección General | 20/03/2023 | 630.2086 E19 | 33724002566223 | 20/03/2023 | 20/03/2023 | Libro | c.2 |
